Příručka hliněného stavitelství : Materiály-Technologie-Architektura

Na minha lista:
Detalhes bibliográficos
Autor principal: Minke, Gernot (Author)
Outros Autores: Teichmannová, Šárka (Translator)
Formato: Livro
Idioma:tcheco
Publicado em: Bratislava : Pagoda, 2009
Edição:1.vyd.
Assuntos:
Tags: Adicionar Tag
Sem tags, seja o primeiro a adicionar uma tag!

MARC

LEADER 00000nam a22000003a 4500
001 stu191437
005 20150617230047.4
008 091005s2009------------------------cze-d
020 |a 978-80-969698-2-1 
040 |a STU  |b slo 
041 0 |a cze 
100 1 |a Minke, Gernot  |4 aut  |9 100 
245 1 |a Příručka hliněného stavitelství :  |b Materiály-Technologie-Architektura 
250 |a 1.vyd. 
260 |a Bratislava :  |b Pagoda,  |c 2009 
300 |a 287 s 
500 |a prel. z nemeckého orig. 
650 7 |a hlinené stavby  |2 stusub 
650 7 |a hlina  |2 stusub 
650 7 |a ekologická architektúra  |2 stusub 
650 7 |a stavebné materiály  |2 stusub 
700 1 |a Teichmannová, Šárka  |4 trl 
996 |b 284AU04334  |c A*6769  |l AA5150  |s P  |a 0  |w stu191437_0001 
996 |b 284V033120  |c V*50647/O-22648  |l VVT  |s A  |a 24  |w stu191437_0002 
996 |b 284AU04341  |c A*6787 U  |l AAKNST  |s P  |a 0  |w stu191437_0003 
996 |b 284AU04340  |c A*6786 U  |l AAKNAR  |s A  |a 24  |w stu191437_0004 
996 |b 284AU04786  |c A*7351 U  |l AAKNAR  |s A  |a 24  |w stu191437_0005 
996 |b 284AU04342  |c A*6788 U  |l AAKNAR  |s A  |a 24  |w stu191437_0006 
996 |b 284AU04343  |c A*6789 U  |l AAKNAR  |s A  |a 24  |w stu191437_0007